[Event "COL-ch sf"]
[Site "Pereira"]
[Date "2024.03.31"]
[Round "11"]
[White "Garcia Diaz, Juan Manuel"]
[Black "Palencia Morales, Wilson Guillermo"]
[Result "0-1"]
[WhiteElo "1882"]
[BlackElo "2180"]
[PlyCount "130"]
[EventDate "2024.03.26"]
[EventType "swiss"]
[EventRounds "11"]
[EventCountry "COL"]
[SourceTitle "CB14_2024"]
[SourceDate "2024.04.01"]
[SourceVersion "1"]
[SourceVersionDate "2024.04.01"]
[SourceQuality "1"]

1. e4 c5 2. Nf3 Nc6 3. d4 cxd4 4. c3 d5 5. exd5 Qxd5 6. Nxd4 Nxd4 7. Qxd4 Qxd4 8. cxd4 e6 9. Be3 Nf6 10. Bc4 Bb4+ 11. Ke2 Bd7 12. a3 Ba5 13. Nd2 Bxd2 14. Kxd2 Bc6 15. f3 h6 16. Rhd1 a6 17. Rac1 Kd7 18. Rc3 Bd5 19. Bd3 Rhc8 20. Rdc1 Rc6 21. h3 Rxc3 22. Rxc3 Bc6 23. Rc5 b6 24. Rc1 Bb7 25. Bf4 Nd5 26. Bh2 Bc6 27. Be4 Ne7 28. g4 g6 29. Bf4 f5 30. Bxc6+ Nxc6 31. gxf5 gxf5 32. Ke3 Ne7 33. Be5 Nd5+ 34. Kf2 Rg8 35. Rg1 Rxg1 36. Kxg1 h5 37. Kf2 Ne7 38. Ke3 Ng6 39. Bg3 Kc6 40. b3 b5 41. Bh2 Kd5 42. Bg3 Ne7 43. Kd3 Nc6 44. Bf2 Na5 45. Kc3 Nc6 46. Kd3 f4 47. Bg1 Ne7 48. Bf2 Nf5 49. Kc3 Nd6 50. Kd3 a5 51. a4 bxa4 52. bxa4 Nc4 53. Kc3 Nb6 54. Kb3 Nc4 55. Kc3 e5 56. dxe5 Nxe5 57. Bb6 Nxf3 58. Bxa5 Ng5 59. h4 Ne4+ 60. Kd3 Nc5+ 61. Ke2 Ke4 62. Bd8 Nxa4 63. Bg5 Nc5 64. Kf2 Kf5 65. Kf3 Nd3 0-1

[Event "COL-ch sf"]
[Site "Pereira"]
[Date "2024.03.30"]
[Round "9"]
[White "Garcia Diaz, Juan Manuel"]
[Black "Gomez Barrero, Sergio"]
[Result "1-0"]
[WhiteElo "1882"]
[BlackElo "1972"]
[PlyCount "31"]
[EventDate "2024.03.26"]
[EventType "swiss"]
[EventRounds "11"]
[EventCountry "COL"]
[SourceTitle "CB14_2024"]
[SourceDate "2024.04.01"]
[SourceVersion "1"]
[SourceVersionDate "2024.04.01"]
[SourceQuality "1"]

1. e4 e6 2. d4 d5 3. Be3 dxe4 4. Nd2 Nf6 5. c3 Bd7 6. Ne2 Bd6 7. Qc2 Bc6 8. g3 Ng4 9. 0-0-0 f5 10. Nf4 Bxf4 11. gxf4 Nd7 12. Qb3 Qe7 13. Bc4 Nb6 14. Rde1 Ba4 15. Bb5+ Kf7 16. Bxa4 1-0

[Event "COL-ch sf"]
[Site "Pereira"]
[Date "2024.03.29"]
[Round "6"]
[White "Perdomo Olarte, Jefferson"]
[Black "Garcia Diaz, Juan Manuel"]
[Result "1-0"]
[WhiteElo "2015"]
[BlackElo "1882"]
[PlyCount "55"]
[EventDate "2024.03.26"]
[EventType "swiss"]
[EventRounds "11"]
[EventCountry "COL"]
[SourceTitle "CB14_2024"]
[SourceDate "2024.04.01"]
[SourceVersion "1"]
[SourceVersionDate "2024.04.01"]
[SourceQuality "1"]

1. e4 e5 2. Nf3 Nc6 3. Bc4 Bc5 4. d3 a5 5. c3 Ba7 6. d4 exd4 7. cxd4 d6 8. h3 Qf6 9. Be3 Qe7 10. Nc3 Nf6 11. Bd3 0-0 12. 0-0 Nb4 13. Bb1 c5 14. a3 cxd4 15. Nxd4 Nc6 16. Kh1 Nxd4 17. Bxd4 Bxd4 18. Qxd4 Qe5 19. Qd3 g6 20. f4 Qh5 21. f5 Ra6 22. Ba2 Bd7 23. fxg6 Qxg6 24. Rf3 h5 25. Rg3 Bg4 26. Nd5 Re8 27. Nxf6+ Qxf6 28. Rf1 1-0

[Event "IECG TG-2007-0-15785"]
[Site "IECG email"]
[Date "2007.10.28"]
[Round "1"]
[White "Dennis, Martin"]
[Black "Garcia Diaz, Juan Manuel"]
[Result "0-1"]
[WhiteElo "1700"]
[BlackElo "1683"]
[PlyCount "71"]
[EventDate "2007.10.20"]
[EventType "tourn (corr)"]
[EventRounds "6"]
[SourceTitle "Corr 2024"]
[Source "ChessBase"]
[SourceDate "2023.10.19"]
[SourceVersion "1"]
[SourceVersionDate "2023.10.19"]
[SourceQuality "1"]

1. e4 e5 2. Nf3 Nc6 3. Bc4 Nf6 4. d4 exd4 5. Nxd4 Nxe4 6. 0-0 d5 7. c3 Be7 8. Nxc6 bxc6 9. Bd3 0-0 10. Re1 Bd6 11. Qc2 Re8 12. b4 Qh4 13. g3 Qh5 14. Bxe4 dxe4 15. Nd2 Bh3 16. Ba3 f5 17. Qd1 Bg4 18. Qb3+ Kh8 19. Qc4 Rad8 20. Nb3 Bf3 21. Qf1 f4 22. Nd4 fxg3 23. fxg3 Rf8 24. Nxf3 Rxf3 25. Qg2 Rdf8 26. Rad1 e3 27. Bc1 Rf2 28. Bxe3 Rxg2+ 29. Kxg2 Qf3+ 30. Kg1 h5 31. a4 Bxg3 32. hxg3 Qxg3+ 33. Kh1 Rf3 34. Bxa7 Qh3+ 35. Kg1 Rg3+ 36. Kf2 0-1

[Event "IECG TE.2000.P.00409 email"]
[Site "IECG email"]
[Date "2000.07.15"]
[Round "?"]
[White "Larsson, Jan Eric"]
[Black "Garcia Diaz, Juan Manuel"]
[Result "1-0"]
[WhiteElo "1596"]
[BlackElo "1684"]
[PlyCount "57"]
[EventDate "2000.07.15"]
[EventType "tourn (corr)"]
[EventRounds "8"]
[SourceTitle "Corr 2008"]
[Source "ChessBase"]
[SourceDate "2008.06.24"]
[SourceVersion "1"]
[SourceVersionDate "2008.06.24"]
[SourceQuality "1"]

1. e4 e5 2. Nf3 Nc6 3. Bc4 Nf6 4. Ng5 Bc5 5. Bxf7+ Ke7 6. Bd5 Qf8 7. Nf3 d6 8. c3 Bg4 9. Bxc6 bxc6 10. d3 Nh5 11. Bg5+ Kd7 12. Nbd2 h6 13. Be3 Bxe3 14. fxe3 Bxf3 15. Nxf3 Qe7 16. 0-0 Nf6 17. Qc2 g5 18. Rae1 Raf8 19. d4 Qh7 20. dxe5 Qxe4 21. Qd2 Nd5 22. Qd4 Qxd4 23. exd4 g4 24. Nd2 Rxf1+ 25. Rxf1 dxe5 26. dxe5 Ke6 27. Nc4 Nb6 28. Rf6+ Kd5 29. Ne3+ 1-0

[Event "IECG TE.2000.P.00409 email"]
[Site "IECG email"]
[Date "2000.07.15"]
[Round "?"]
[White "Naumovic, Jovan"]
[Black "Garcia Diaz, Juan Manuel"]
[Result "0-1"]
[WhiteElo "2166"]
[BlackElo "1684"]
[PlyCount "50"]
[EventDate "2000.07.15"]
[EventType "tourn (corr)"]
[EventRounds "8"]
[SourceTitle "Corr 2008"]
[Source "ChessBase"]
[SourceDate "2008.06.24"]
[SourceVersion "1"]
[SourceVersionDate "2008.06.24"]
[SourceQuality "1"]

1. e4 e5 2. Nf3 Nc6 3. Bc4 Nf6 4. Ng5 Bc5 5. Bxf7+ Ke7 6. Bd5 Qe8 7. d3 Rf8 8. 0-0 d6 9. h3 Qg6 10. Kh2 h6 11. Nf3 Qh5 12. Bxc6 bxc6 13. Nbd2 g5 14. d4 exd4 15. e5 Nd5 16. Re1 Bxh3 17. gxh3 g4 18. exd6+ Kd8 19. Ng5 Qxg5 20. Qxg4 Bxd6+ 21. Kg1 Qxg4+ 22. hxg4 Nb4 23. Re4 Nxc2 24. Rb1 c5 25. Nc4 Rf6 0-1

[Event "IECG CP.1999.P.00080"]
[Site "IECG email"]
[Date "1999.10.01"]
[Round "?"]
[White "Garcia Diaz, Juan Manuel"]
[Black "Meijer, Kees"]
[Result "0-1"]
[WhiteElo "1750"]
[BlackElo "1185"]
[PlyCount "30"]
[EventDate "1999.10.01"]
[EventType "tourn (corr)"]
[EventRounds "6"]
[EventCountry "ITA"]
[SourceTitle "Corr 2008"]
[Source "ChessBase"]
[SourceDate "2008.06.24"]
[SourceVersion "1"]
[SourceVersionDate "2008.06.24"]
[SourceQuality "1"]

1. e4 e5 2. Nf3 Nc6 3. Bb5 f5 4. Bxc6 dxc6 5. Nc3 Nf6 6. Qe2 fxe4 7. Nxe4 Bg4 8. 0-0 Be7 9. b3 Qd5 10. d3 0-0 11. Ned2 Bb4 12. Qxe5 Bxf3 13. Nxf3 Qxe5 14. Nxe5 Bc3 15. Bf4 Nh5 0-1

[Event "IECG Q1.1999.0.00077"]
[Site "IECG email"]
[Date "1999.??.??"]
[Round "?"]
[White "Garcia Diaz, Juan Manuel"]
[Black "Spiridonov, Nick"]
[Result "0-1"]
[WhiteElo "1950"]
[BlackElo "1859"]
[PlyCount "48"]
[EventDate "1999.05.11"]
[EventType "tourn (corr)"]
[EventRounds "6"]
[SourceTitle "Corr 2008"]
[Source "ChessBase"]
[SourceDate "2008.06.24"]
[SourceVersion "1"]
[SourceVersionDate "2008.06.24"]
[SourceQuality "1"]

1. e4 e5 2. Nf3 Nc6 3. Bb5 a6 4. Bxc6 dxc6 5. 0-0 Qd6 6. Na3 b5 7. d4 exd4 8. Qxd4 Qxd4 9. Nxd4 Bd7 10. Be3 Nf6 11. f3 Rd8 12. Rfd1 Bd6 13. c3 0-0 14. Nac2 c5 15. Ne2 Rfe8 16. Bf4 Bc6 17. e5 Nd5 18. exd6 Rxe2 19. dxc7 Rde8 20. Rxd5 Bxd5 21. Ne3 Be6 22. Rd1 f6 23. Rd8 Kf7 24. Bd6 Rxe3 0-1

[Event "IECG Q1.1999.0.00077"]
[Site "IECG email"]
[Date "1999.??.??"]
[Round "?"]
[White "Hanegby, Avigdor"]
[Black "Garcia Diaz, Juan Manuel"]
[Result "1-0"]
[WhiteElo "1950"]
[BlackElo "1950"]
[PlyCount "49"]
[EventDate "1999.05.11"]
[EventType "tourn (corr)"]
[EventRounds "6"]
[SourceTitle "Corr 2008"]
[Source "ChessBase"]
[SourceDate "2008.06.24"]
[SourceVersion "1"]
[SourceVersionDate "2008.06.24"]
[SourceQuality "1"]

1. f4 d5 2. b3 Nc6 3. Nf3 Nf6 4. e3 g6 5. Bb2 Bg7 6. Bb5 0-0 7. Bxc6 bxc6 8. 0-0 a5 9. d3 a4 10. Qd2 axb3 11. axb3 Rxa1 12. Bxa1 c5 13. Qa5 Qd6 14. Be5 Qb6 15. Bxc7 Qxa5 16. Bxa5 Ba6 17. Ne5 Rc8 18. Nd2 Ne8 19. c4 dxc4 20. bxc4 Nd6 21. Bb6 Bxe5 22. fxe5 Nf5 23. Ra1 Bb7 24. Ra7 Ba8 25. Kf2 1-0

[Event "IECG Q1.1998.0.00045"]
[Site "IECG email"]
[Date "1998.??.??"]
[Round "?"]
[White "Garcia Diaz, Juan Manuel"]
[Black "Petrov, Milen Stoyanov"]
[Result "1/2-1/2"]
[WhiteElo "1950"]
[BlackElo "1935"]
[PlyCount "44"]
[EventDate "1998.07.20"]
[EventType "tourn (corr)"]
[EventRounds "6"]
[SourceTitle "Corr 2008"]
[Source "ChessBase"]
[SourceDate "2008.06.24"]
[SourceVersion "1"]
[SourceVersionDate "2008.06.24"]
[SourceQuality "1"]

1. e4 e5 2. Nf3 Nf6 3. d4 Nxe4 4. Bd3 d5 5. Nxe5 Nd7 6. Qe2 Nxe5 7. Bxe4 dxe4 8. Qxe4 Be6 9. Qxe5 Qd7 10. Be3 Bb4+ 11. c3 Bd6 12. Qa5 Qc6 13. f3 Bd5 14. Nd2 0-0 15. c4 Bxc4 16. Rc1 Qb5 17. Qxb5 Bxb5 18. Ne4 Rfe8 19. Kf2 Rac8 20. Nxd6 cxd6 21. Rxc8 Rxc8 22. Rc1 Rxc1 1/2-1/2